000 00300nam a22001217a 4500
020 _a0099410311
082 _a823
_bGRI
_cL-NUST
100 _aGrisham John
_99825
245 _aThe Partner
_cGrisham John
300 _ap 410
_bill
_c10cm
526 _a0
_b0
_c0
_d823_000000000000000_GRI
942 _2ddc
_cBK
999 _c549593
_d549593